| 000 | 01015nac a22002771u 4500 | ||
|---|---|---|---|
| 010 | _a 2003045324 | ||
| 020 | _a0631223487 (alk. paper) | ||
| 020 | _a0631223495 (pbk. : alk. paper) | ||
| 082 | 0 | 0 |
_a303.6 _bSCH |
| 090 |
_c7108 _d7108 |
||
| 100 | _a20080729 | ||
| 245 | 0 | 0 |
_aViolence in war and peace : _ban anthology / _cedited by Nancy Scheper-Hughes and Philippe Bourgois. |
| 260 |
_aMalden, MA : _bBlackwell Pub.,2004 _c2004. |
||
| 300 |
_a496p.: _bill.; _c23 cm. |
||
| 440 | 0 |
_aBlackwell readers in anthropology ; _v5 |
|
| 500 | _adistributed by: Al-Ahram | ||
| 504 | _aIncludes bibliographical references and index. | ||
| 511 | _acatalogued by: wesssam | ||
| 650 | 0 | _aViolence. | |
| 650 | 0 | _aGenocide. | |
| 650 | 0 | _aPolitical violence. | |
| 700 | 1 | _aScheper-Hughes, Nancy. | |
| 700 | 1 |
_aBourgois, Philippe I., _d1956- |
|
| 942 |
_cBB _k303.6SCH |
||
| 999 |
_c7108 _d7108 |
||